000 00596nam a2200217Ia 4500
003 OSt
005 20241226143307.0
008 210324s9999||||xx |||||||||||||| ||und||
040 _cSTCPL
041 _aHIN
082 _aH1
_bSUM-S
100 _a Pant, Sumitranandan
_qसुमित्रानंदन पंत
245 0 _aSwarna dhooli /
_cby Sumitranandan Pant
_hस्वर्ण धूली
250 _a2nd ed.
260 _aDelhi :
_bRajkamal Prakashan ,
_c1959 .
300 _a161 p.
_bHB
650 _aHindi literature
650 _aPoem
942 _cBK
942 _2ddc
_n0
999 _c8124
_d8124